Party time ; and, The new world order : (Record no. 329302)

000 -LEADER
fixed length control field 01065pam a2200277 a 4500
001 - CONTROL NUMBER
control field 2051553
003 - CONTROL NUMBER IDENTIFIER
control field Nust
005 - DATE AND TIME OF LATEST TRANSACTION
control field 20170502165314.0
008 - FIXED-LENGTH DATA ELEMENTS--GENERAL INFORMATION
fixed length control field 930713s1993 nyu 000 0 eng
010 ## - LIBRARY OF CONGRESS CONTROL NUMBER
LC control number 93028859
020 ## - INTERNATIONAL STANDARD BOOK NUMBER
International Standard Book Number 0802133525 :
Terms of availability $10.00
040 ## - CATALOGING SOURCE
Original cataloging agency DLC
Transcribing agency DLC
Modifying agency DLC
050 00 - LIBRARY OF CONGRESS CALL NUMBER
Classification number PR6066.I53
Item number P37 1993
082 00 - DEWEY DECIMAL CLASSIFICATION NUMBER
Classification number 822.914 PIN
Edition number 20
100 1# - MAIN ENTRY--PERSONAL NAME
Personal name Pinter, Harold,
Dates associated with a name 1930-2008.
240 10 - UNIFORM TITLE
Uniform title Party time
245 10 - TITLE STATEMENT
Title Party time ; and, The new world order :
Remainder of title two plays /
Statement of responsibility, etc. by Harold Pinter.
250 ## - EDITION STATEMENT
Edition statement 1st ed.
260 ## - PUBLICATION, DISTRIBUTION, ETC.
Place of publication, distribution, etc. New York :
Name of publisher, distributor, etc. Grove Press,
Date of publication, distribution, etc. c1993.
300 ## - PHYSICAL DESCRIPTION
Extent 60 p. ;
Dimensions 21 cm.
700 12 - ADDED ENTRY--PERSONAL NAME
Personal name Pinter, Harold,
Dates associated with a name 1930-2008.
Title of a work New world order.
Date of a work 1993.
740 0# - ADDED ENTRY--UNCONTROLLED RELATED/ANALYTICAL TITLE
Uncontrolled related/analytical title New world order.
856 42 - ELECTRONIC LOCATION AND ACCESS
Materials specified Publisher description
Uniform Resource Identifier <a href="http://www.loc.gov/catdir/enhancements/fy1511/93028859-d.html">http://www.loc.gov/catdir/enhancements/fy1511/93028859-d.html</a>
906 ## - LOCAL DATA ELEMENT F, LDF (RLIN)
a 7
b cbc
c orignew
d 1
e ocip
f 19
g y-gencatlg
942 ## - ADDED ENTRY ELEMENTS (KOHA)
Source of classification or shelving scheme
Koha item type Book
Holdings
Withdrawn status Lost status Source of classification or shelving scheme Damaged status Not for loan Permanent Location Current Location Date acquired Total Checkouts Full call number Barcode Date last seen Price effective from Koha item type
          School of Civil and Environmental Engineering (SCEE) School of Civil and Environmental Engineering (SCEE) 05/02/2017   822.914 PIN NIT-8576 05/02/2017 05/02/2017 Book
          School of Civil and Environmental Engineering (SCEE) School of Civil and Environmental Engineering (SCEE) 05/02/2017   822.914 PIN NIT-8522 05/02/2017 05/02/2017 Book
© 2023 Central Library, National University of Sciences and Technology. All Rights Reserved.